| 000 | 00958nas a2200265 4500 | ||
|---|---|---|---|
| 001 | BR2021000372 | ||
| 003 | BR-BrBNA | ||
| 005 | 20231205132148.0 | ||
| 007 | ta | ||
| 008 | 230509b bl.|||p| |||| 00| 00por d | ||
| 040 |
_aBR-BrBNA _bpor _cBiblioteca Nacional de Agricultura |
||
| 041 | _a(Pt) | ||
| 072 | _aE14 | ||
| 100 | 1 | _aSilvestre, R.P. | |
| 245 | 1 | _aTurismo rural na agricultura familiar - TRAF: oportunidades e desafios em relação às especificidades do setor de serviços | |
| 650 | _aEXTENSÃO RURAL | ||
| 650 | _aAGRICULTURA FAMILIAR | ||
| 650 | _aTURISMO | ||
| 650 | _aOFERTA DE SERVIÇO | ||
| 773 | 0 |
_tNativa. Pesquisas Agrárias e Ambientais (Brazil) _xISSN 2318-7670 _g(Nov-Dec 2018), v. 6(6) p. 668-674 _wBR2021000372 |
|
| 856 | 4 | 0 | _uhttps://periodicoscientificos.ufmt.br/ojs/index.php/nativa/article/view/6782/4931 |
| 856 | 4 | 0 | _dLink DSPACE/MAPA BR2021000372 |
| 909 |
_a202311 _bLúcia _c55 _dLúcia Elande |
||
| 942 |
_2AGRIS _n0 _cANA |
||
| 999 |
_c258826 _d258826 |
||